00385nam a2200133Ia 4500100001600000942000700016654001000023245002300033260004700056082001200103546001200115999001700127952010700144 aMonday/ c.  cBK aLathe aCenter lathe work. bMAchinerys Standard Reference Seriesc2001 a621.942 aENGLISH c23273d23273 001040708AFTaCRCEbCRCEd2023-03-17g22.50l0o621.942 pAFT480r2023-03-17v22.50w2023-03-17yBK